LEADER 00990nam a2200241 4500 001 000000360339 003 CaOOAMICUS 005 20241108151415.0 008 241016s1977 it 000 u ita r 040 $aSeMil$bita 100 1 $aGiulietti, Giovanni <1915->.$0(OLS)http://semarc/name/17373 245 10$aIntroduzione alla filosofia /$cGiovanni Giulietti. 264 1$aMilano :$bEdizioni di Comunità,$c1977. 300 $a234 p. ;$c22 cm 490 1 $aSaggi di cultura contemporanea ;$v122 650 4$aFilosofia.$0(OLS)http://semarc/subject/212 830 0$aSaggi di cultura contemporanea ;$v122.$0(OLS)http://semarc/title/7468 850 $aSeMil 852 $aSeMil$W1$xVenegono$y1$m2P V 684$j252219$B251363$CSeMilBibl$Z2$F251363 $81 961 $aBuzzi mons. Franco - Omaggio 996 $6245$aIntroduzione alla filosofia$9(OLS)http://semarc/title/49165 996 $6264$aMilano :$bEdizioni di Comunità$9(OLS)http://semarc/publisher/31458 LEADER 01098nam a2200241 i 4500 001 000000207149 003 CaOOAMICUS 005 20111024000000.0 008 111024s1960 it u000 u ita u 013 $a185924 040 $aSeMil$bita 100 1 $aSpadolini, Giovanni <1925-1994>.$0(OLS)http://semarc/name/3766 245 10$aGiolitti e i cattolici (1901-1914) :$bcon documenti inediti /$cGiovanni Spadolini. 250 $a2. Edizione riveduta e corretta. 260 $aFirenze :$bLe Monnier,$ccopyr. 1960. 300 $aXIX, 540 p., [32] p. di tav. ;$c21 cm. 500 $aContiene : Appendici. 650 4$aChiesa e Stato - Italia - 1901-1914.$0(OLS)http://semarc/subject/26286 650 4$aGiolitti, Giovanni <1842-1928> - Politica ecclesiastica - 1901-1914.$0(OLS)http://semarc/subject/38876 850 $aSeMil 852 $aSeMil$W1$xVenegono$y1$m3U IV 103$j157612$B157612$CSeMilBibl$Z2$F168836 $81 996 $6245$aGiolitti e i cattolici (1901-1914) :$bcon documenti inediti$9(OLS)http://semarc/title/242503 996 $6260$aFirenze :$bLe Monnier$9(OLS)http://semarc/publisher/30060